000 00631nam a2200241Ia 4500
003 OSt
005 20220924145408.0
006 a|||||r|||| 00| 0
007 ta
008 220923b |||||||| |||| 00| 0 per d
024 _a328298
037 _cTextual
040 _aARTS
_cARTS
_bper
041 _2per
_aper
082 _aO164,6xN3, L9
100 _aBaizan Au.
_9219643
245 0 _aTanz aauran amroz Iran
260 _c1979
650 _aPERSIAN PROSE
_9997
700 _a Salahi Imran Au.
_9219644
942 _hO164,6xN3, L9
_cTEXL
_2CC
999 _c459938
_d459938